ASOIAF- All known Kingsguard/Queensguard/Rainbow Guard members - Statistics

General Stats
  • This quiz has been taken 577 times
  • The average score is 23 of 80
Answer Stats
Order Name Nicknames (if Applicable) % Correct
Kingsguard/Queensguard Barristan Selmy The Bold
96%
Kingsguard/Rainbow Guard Loras Tyrell The Knight of Flowers
96%
Jaime Lannister Kingslayer
95%
Arthur Dayne Sword of the Morning
93%
Sandor Clegane The Hound
90%
Rainbow Guard Brienne of Tarth The Beauty/The Blue
86%
Jorah Mormont The Andal
84%
Duncan the Tall Dunk
82%
Aemon Targaryen The Dragonknight
81%
Meryn Trant
75%
Criston Cole Kingmaker
74%
Gerold Hightower
69%
Boros Blount
64%
Arys Oakheart
62%
Lewyn Martell Prince
56%
Balon Swann
53%
Mandon Moore
53%
Preston Greenfield
49%
Oswell Whent
46%
Osmund Kettleblack
42%
Robert Strong
41%
Strong Belwas
41%
Kingsguard/Queensguard Erryk Cargyll
39%
Arryk Cargyll n/a
38%
Robar Royce The Red
38%
Rakharo
36%
Ryam Redwyne
36%
Lucamore Strong The Lusty
34%
Aggo
33%
Jonothor Darry
32%
Jhogo
31%
Kingsguard Addison Hill The Bastard of Cornfield
29%
Emmon Cuy The Yellow
29%
Robin Darklyn Darkrobin
29%
Kingsguard/Queensguard Steffon Darklyn
29%
Bryce Caron The Orange
25%
Corlys Velaryon
25%
Guyard Morrigen The Green
25%
Alyn Connington The Pale Griffin
24%
Parmen Crane The Purple
22%
Harrold Westerling
17%
Gyles Greycloak
13%
Kingsguard/Queensguard Lorent Marbrand
12%
Rolly Duckfield
12%
Gwayne Corbray
10%
Gwayne Gaunt
9%
Harlan Grandison
9%
Robert Flowers Red
9%
Clarence Crabb The Short
8%
Marston Waters
8%
Rickard Thorne
8%
Roland Crakehall
8%
Willis Fell
8%
Donnel of Duskendale
7%
Griffith Goode
7%
Humfrey The Mummer
7%
Richard Roote
7%
Glendon Goode
6%
Raymont Baratheon
6%
Serwyn of the Mirror Shield
6%
The Demon of Darry
6%
Gregor Goode
5%
Gyles Belgrave
5%
Jeffory Norcross Neveryield
5%
Mervyn Flowers
5%
Olyvar Oakheart The Green Oak
5%
Terrence Toyne
5%
Tom Costayne Long
5%
Willem Wylde
5%
Queensguard Adrian Redfort
4%
Harrold Darke
4%
Loreth Lansdale
4%
Lyonel Bentley
4%
Orivel The Open-Handed
4%
Rolland Darklyn
4%
Rupert Crabb
4%
The Greatheart
4%
Clement Crabb
3%
Joffrey Staunton
3%
Michael Mortyns White Owl
1%
No matching quizzes found
Score Distribution
Percent of People with Each Score
Percentile by Number Answered
Your Score History
You have not taken this quiz